Math Mania - Statistics

General Stats
  • This quiz has been taken 17 times
  • The average score is 40 of 45
Answer Stats
Question Tile Select % Correct
Multiples of 2 12 Yes
100%
Multiples of 2 27 No
100%
Multiples of 2 3 No
100%
Factors of 30 3 Yes
100%
Multiples of 2 34 Yes
100%
Multiples of 2 5 No
100%
Multiples of 2 7 No
100%
Multiples of 2 8 Yes
100%
Factors of 30 12 No
94%
Factors of 30 16 No
94%
Factors of 30 19 No
94%
Multiples of 2 2 Yes
94%
Factors of 30 2 Yes
94%
Factors of 30 23 No
94%
Sum which comes to 100 34,8 No
94%
Factors of 30 5 Yes
94%
Multiples of 2 76 Yes
94%
Factors of 30 76 No
94%
Factors of 30 8 No
94%
Sum which comes to 100 92,7 No
94%
Sum of 15 C,I No
94%
Sum of 15 M,I No
94%
Sum which comes to 100 12,88 Yes
88%
Sum which comes to 100 22,91 No
88%
Sum which comes to 100 23,77 Yes
88%
Sum which comes to 100 2,4 No
88%
Multiples of 7 32 No
88%
Multiples of 7 35 Yes
88%
Multiples of 7 46 No
88%
Sum which comes to 100 56,54 No
88%
Sum which comes to 100 60,40 Yes
88%
Multiples of 7 70 Yes
88%
Sum of 15 L,C No
88%
Sum which comes to 100 12,98 No
81%
Multiples of 7 14 Yes
81%
Multiples of 7 24 No
81%
Multiples of 7 34 No
81%
Multiples of 7 65 No
81%
Multiples of 7 7 Yes
81%
Sum of 15 X,V Yes
81%
Sum of 15 XX,V No
81%
Sum of 15 XI,IV Yes
75%
Sum of 15 XVI,I No
75%
Sum of 15 IX,VI Yes
63%
Sum of 15 XIV,I Yes
63%
No matching quizzes found
Score Distribution
Percent of People with Each Score
Percentile by Number Answered
Your Score History
You have not taken this quiz